| 000 | 00712nam a2200241Ia 4500 | ||
|---|---|---|---|
| 003 | IT-RoPAU | ||
| 008 | 120407s9999 xx 000 0 und d | ||
| 040 | _aIT-RoPAU | ||
| 040 | _cIT-RoPAU | ||
| 041 | _aita | ||
| 100 | _aMargarita Riber | ||
| 245 | _aIl lavoro nella Bibbia | ||
| 250 | _aBari | ||
| 260 | _aEdizioni Paoline | ||
| 260 | _c1969 | ||
| 300 | _a186 p. | ||
| 300 | _c18 cm | ||
| 490 | _aLa Bibbia e i problemi dell’uomo d’oggi | ||
| 490 | _v17 | ||
| 600 | _a"Tit. orig.:El trabajo en la Biblia. Trad. E Laurenti Masi In testa al front.: Margarita Riber. 1. Bibbia, Concetto di lavoro I - Laurenti Masi , Elsa 220.8 BNI 69-9139" | ||
| 942 | _cBK | ||
| 999 |
_c27654 _d27654 |
||